No word of a lie, misdescriptions and misrepresentations (Record no. 82900)
[ view plain ]
| 000 -LEADER | |
|---|---|
| fixed length control field | 01039cab a22002295a 4500 |
| 001 - CONTROL NUMBER | |
| control field | L152171 |
| 008 - FIXED-LENGTH DATA ELEMENTS--GENERAL INFORMATION | |
| fixed length control field | 110207s2010 xxk 000 0 eng d |
| 035 ## - SYSTEM CONTROL NUMBER | |
| System control number | (Sirsi) u152171 |
| 041 0# - LANGUAGE CODE | |
| Language code of text/sound track or separate title | eng |
| 100 1# - MAIN ENTRY--PERSONAL NAME | |
| Personal name | Nixon, Katie |
| 245 00 - TITLE STATEMENT | |
| Title | No word of a lie, misdescriptions and misrepresentations |
| 260 ## - PUBLICATION, DISTRIBUTION, ETC. | |
| Date of publication, distribution, etc. | 2010 |
| 490 ## - SERIES STATEMENT | |
| Series statement | Hogan Lovells Real Estate Quarterly |
| Volume/sequential designation | Autumn 2010, 10-11(2) |
| 520 ## - SUMMARY, ETC. | |
| Summary, etc. | Warns in the first of two articles (see also L152172) about the dangers of not examining property particulars carefully. Describes in detail the scope of the Property Misdescriptions Act 1991 relating to the outlawing of false or misleading statements in the context of the marketing and disposal of property and reminds us that falling foul of the Act's provisions is a criminal offence. |
| 590 ## - LOCAL NOTE (RLIN) | |
| Local note | KA |
| 650 24 - SUBJECT ADDED ENTRY--TOPICAL TERM | |
| Topical term or geographic name entry element | LEWIN V BARRATT HOMES LTD |
| 650 24 - SUBJECT ADDED ENTRY--TOPICAL TERM | |
| Topical term or geographic name entry element | GEORGE WIMPEY UK LTD V BROWN |
| 650 24 - SUBJECT ADDED ENTRY--TOPICAL TERM | |
| Topical term or geographic name entry element | PROPERTY MISDESCRIPTIONS ACT 1991 |
| 651 #4 - SUBJECT ADDED ENTRY--GEOGRAPHIC NAME | |
| Geographic name | England and Wales |
| Chronological subdivision | 1543- |
| 690 ## - LOCAL SUBJECT ADDED ENTRY--TOPICAL TERM (OCLC, RLIN) | |
| Topical term or geographic name as entry element | PROPERTY-PROPERTY AGENCY |
| 942 ## - ADDED ENTRY ELEMENTS (KOHA) | |
| Suppress in OPAC | 0 |
| Withdrawn status | Lost status | Source of classification or shelving scheme | Damaged status | Not for loan | Home library | Current library | Shelving location | Date acquired | Total Checkouts | Full call number | Barcode | Date last seen | Copy number | Price effective from | Koha item type |
|---|---|---|---|---|---|---|---|---|---|---|---|---|---|---|---|
| Dewey Decimal Classification | London | London | Journal article | 07/02/2011 | L152171 | 152171-1001 | 06/08/2019 | 1 | 06/08/2019 | Journal article |